Novedades de Derecho cann̤ico y Derecho eclesis̀tico del Estado A un aǫ de la reforma del proceso matrimonial /

Bibliographic Details
Main Author: Ruano Espina, Lourdes
Format: eBook
Language:Spanish
Published: Madrid: Dykinson, 2017
Subjects:
Online Access:Acceso restringido

MARC

LEADER 00000nam a22000007a 4500
005 20180405003914.0
007 cr|||| ||||
008 180405s2017 es |||||s|||| 00||0 spa d
020 |a 978-84-9148-403-5 
035 |a 21304 
040 |a vLex 
090 |c 7666  |d 7666 
100 1 |a Ruano Espina, Lourdes 
245 1 0 |a Novedades de Derecho cann̤ico y Derecho eclesis̀tico del Estado  |h [Recurso electrn̤ico] :  |b A un aǫ de la reforma del proceso matrimonial /  |c Lourdes Ruano Espina 
256 |a Servicio en ln̕ea 
260 |a Madrid:  |b Dykinson,  |c 2017 
300 |a 1 recurso electrn̤ico 
506 1 |a Disponible solo en los productos indicados  |d vLex Global  |d vLex Global (Academic Edition, excluding Law Schools)  |d vLex Global (U.S. Academic Edition, Law Schools)  |d vLex Global (U.S. Academic Edition, excluding Law Schools)  |d vLex Global (Academic Edition, Law Schools) 
650 0 4 |a Derecho Civil  |z Espaą 
740 0 |a vLex Libros (Servicio en ln̕ea) 
856 4 0 |u http://vlex.com/source/novedades-de-derecho-canonico-y-derecho-eclesiastico-del-estado-a-un-a-o-de-la-reforma-del-proceso-matrimonial-21304  |z Acceso restringido 
942 |c BOOK 
999 0 |a Civil Law